000 00620cam a2200205 4500500
005 20260329010132.0
041 _afre
042 _adc
100 1 0 _aOrtoli, Sven
_eauthor
245 0 0 _aSempé, salut l’artiste
260 _c2022.
500 _a39
690 _aBonheur
690 _aHommage
690 _aMétaphysique
690 _aSempé
690 _aVertige
786 0 _nPhilosophie magazine - Hors séries | Hors-série Autome-Hiver 2022 | HS55 | 2022-10-01 | p. 1-2 | 2104-9246
856 4 1 _uhttps://shs.cairn.info/magazine-philosophie-magazine-2022-hs55-page-1?lang=fr&redirect-ssocas=7080
999 _c1849753
_d1849753